Loading...
| Philosophy | 0 | 6 | 0 | 0 | 60 | 72 | 96.00 | 0 | 1 | 11.64 | 28.33 |
| Social Science | 0 | 5 | 0 | 0 | 50 | 46 | 57.40 | 1 | 2 | 23.90 | 31.67 |
| History - World | 0 | 5 | 1 | 2 | 45 | 82 | 105.60 | 0 | 0 | 9.47 | 17.67 |
| History - Other | 0 | 4 | 0 | 0 | 40 | 100 | 122.25 | 0 | 0 | 2.31 | 7.00 |
| History - American | 0 | 3 | 0 | 0 | 30 | 62 | 87.00 | 1 | 1 | 9.22 | 15.33 |
| Mythology | 0 | 2 | 0 | 1 | 20 | 48 | 92.50 | 1 | 1 | 5.38 | 11.00 |
| Fine Arts - Other | 0 | 2 | 0 | 0 | 20 | 95 | 103.50 | 0 | 1 | 4.28 | 13.00 |
| Religion | 0 | 3 | 3 | 0 | 15 | 78 | 79.33 | 0 | 3 | 9.15 | 23.33 |
| Literature - American | 0 | 1 | 0 | 0 | 10 | 123 | 123.00 | 0 | 0 | 1.21 | 2.00 |
| Geography | 0 | 1 | 0 | 0 | 10 | 43 | 43.00 | 0 | 1 | 33.33 | 35.00 |
| Current Events | 0 | 1 | 0 | 0 | 10 | 80 | 80.00 | 0 | 0 | 11.11 | 19.44 |
| Literature - World | 0 | 1 | 0 | 0 | 10 | 134 | 134.00 | 0 | 0 | 0.29 | 1.00 |
| Popular Culture | 0 | 1 | 0 | 1 | 10 | 138 | 138.00 | 0 | 0 | 0.00 | 2.78 |
| Science - Biology | 0 | 1 | 0 | 0 | 10 | 85 | 85.00 | 0 | 0 | 2.54 | 5.83 |
| Science - Chemistry | 0 | 1 | 0 | 0 | 10 | 49 | 49.00 | 0 | 1 | 5.15 | 8.33 |
| History - European | 0 | 2 | 3 | 0 | 5 | 75 | 76.50 | 0 | 1 | 7.47 | 14.17 |
| Fine Arts - Painting and Sculpture | 0 | 1 | 1 | 0 | 5 | 95 | 95.00 | 0 | 0 | 1.81 | 3.00 |